La revocazione delle Sentenze Tributarie

Bibliographic Details
Main Author: Vignarelli, Andrea Colli
Format: eBook
Language:Italian
Published: Bari : Cacucci Editore, 2007
Subjects:
Online Access:http://www.vlex.com/source/6819

MARC

LEADER 00000nam a22000007a 4500
005 20130214152821.0
007 cr|||| ||||
008 130214e200 it |||||s|||| 00| 0 ita d
020 |a 8884225965 
035 |a 6819 
040 |a vLex 
090 |c 3629  |d 3629 
100 1 0 |a Vignarelli, Andrea Colli  
245 1 3 |a La revocazione delle Sentenze Tributarie  |h [Recurso electrn̤ico]  
256 |a Servicio en ln̕ea 
260 |a Bari :  |b Cacucci Editore,   |c 2007 
300 |a 1 Recurso electrn̤ico 
650 0 4 |a Procedimiento administrativo 
740 |a vLex Libros (Servicio en ln̕ea) 
856 |a Acceso restringido  |u http://www.vlex.com/source/6819 
942 |c BOOK 
999 0 |a Administrative procedure